[Event "NB I. Charousek csoport"]
[Site "Paks"]
[Date "2024.05.12"]
[Round "11.4"]
[White "Bodrogi, Bendeguz"]
[Black "Kresz, Adam"]
[Result "1-0"]
[WhiteElo "2349"]
[BlackElo "2145"]
[PlyCount "63"]
[EventDate "2023.10.08"]
[EventType "team-tourn"]
[EventRounds "11"]
[EventCountry "HUN"]
[Source "chess.hu"]
[WhiteTeam "ASE II. Paks"]
[BlackTeam "Komloi BSK"]
[WhiteTeamCountry "HUN"]
[BlackTeamCountry "HUN"]

1. Nf3 c5 2. g3 Nc6 3. Bg2 e5 4. c4 g6 5. Nc3 d6 6. O-O Nge7 7. d3 Bg7 8. a3 a5
9. Bd2 O-O 10. Rb1 h6 11. Qa4 Bd7 12. Rfc1 Nd4 13. Qd1 a4 14. Nxd4 exd4 15. Nd5
Nxd5 16. Bxd5 Bc6 17. b4 axb3 18. Bxc6 bxc6 19. Qxb3 Re8 20. Re1 Qd7 21. a4 Qg4
22. a5 Rxe2 23. Rxe2 Qxe2 24. Qb7 Rf8 25. Bf4 Qxd3 26. a6 Be5 27. Bxe5 dxe5 28.
a7 Qa3 29. Qe7 Qa5 30. h4 Qa6 31. Rb8 Rc8 32. Qc7 1-0

[Event "NB I. Charousek csoport"]
[Site "Paks"]
[Date "2024.05.12"]
[Round "11.5"]
[White "Benedek, Istvan"]
[Black "Bernath, Bence"]
[Result "1/2-1/2"]
[WhiteElo "2167"]
[BlackElo "2240"]
[PlyCount "83"]
[EventDate "2023.10.08"]
[EventType "team-tourn"]
[EventRounds "11"]
[EventCountry "HUN"]
[Source "chess.hu"]
[WhiteTeam "Komloi BSK"]
[BlackTeam "ASE II. Paks"]
[WhiteTeamCountry "HUN"]
[BlackTeamCountry "HUN"]

1. e4 e5 2. Nf3 Nc6 3. Bc4 Nf6 4. d4 exd4 5. e5 d5 6. Bb5 Ne4 7. Nxd4 Bd7 8.
Bxc6 bxc6 9. O-O Bc5 10. f3 Ng5 11. Be3 Bb6 12. f4 Ne4 13. Nc3 Nxc3 14. bxc3
Qe7 15. Qd2 Rd8 16. Nb3 Bf5 17. Qf2 Qa3 18. Nd4 Bxd4 19. Bxd4 Qa5 20. Qg3 Rg8
21. Qe3 Qa4 22. Rf2 h5 23. Bxa7 Ra8 24. Bc5 Qc4 25. Bb4 Ra4 26. a3 Kd7 27. Rd1
Kc8 28. Rfd2 Re8 29. Qd4 Be4 30. Re1 Qxd4+ 31. cxd4 Kd7 32. Re3 g6 33. h3 Raa8
34. Kf2 h4 35. Rde2 Bf5 36. Rb3 Ra4 37. Ke3 Be4 38. Be1 Rea8 39. Bxh4 Rxa3 40.
Rxa3 Rxa3+ 41. Kd2 Ra4 42. Ke3 1/2-1/2

[Event "NB I. Charousek csoport"]
[Site "Paks"]
[Date "2024.05.12"]
[Round "11.6"]
[White "Losonczi, Marcell"]
[Black "Jeszenszky, Jozsef"]
[Result "1/2-1/2"]
[WhiteElo "2203"]
[BlackElo "2038"]
[PlyCount "36"]
[EventDate "2023.10.08"]
[EventType "team-tourn"]
[EventRounds "11"]
[EventCountry "HUN"]
[Source "chess.hu"]
[WhiteTeam "ASE II. Paks"]
[BlackTeam "Komloi BSK"]
[WhiteTeamCountry "HUN"]
[BlackTeamCountry "HUN"]

1. e4 e6 2. d4 d5 3. Nc3 Bb4 4. e5 c5 5. a3 Bxc3+ 6. bxc3 Ne7 7. Qg4 Qa5 8. Bd2
O-O 9. Bd3 Nbc6 10. Nf3 f5 11. exf6 Rxf6 12. Qh3 Nf5 13. Ne5 Nxe5 14. dxe5 Rf7
15. c4 Qc7 16. f4 Bd7 17. cxd5 exd5 18. c4 Qc6 1/2-1/2

[Event "NB I. Charousek csoport"]
[Site "Paks"]
[Date "2024.05.12"]
[Round "11.7"]
[White "Solty, Laszlo"]
[Black "Ivan-Gal, Hanna Krisztina"]
[Result "0-1"]
[WhiteElo "2066"]
[BlackElo "2161"]
[PlyCount "74"]
[EventDate "2023.10.08"]
[EventType "team-tourn"]
[EventRounds "11"]
[EventCountry "HUN"]
[Source "chess.hu"]
[WhiteTeam "Komloi BSK"]
[BlackTeam "ASE II. Paks"]
[WhiteTeamCountry "HUN"]
[BlackTeamCountry "HUN"]

1. d4 Nf6 2. c4 g6 3. Nc3 Bg7 4. e4 d6 5. g3 O-O 6. Bg2 e5 7. d5 a5 8. Nge2 Na6
9. O-O Nc5 10. b3 Bd7 11. f3 Nh5 12. Be3 b6 13. Qd2 f5 14. Rac1 Qf6 15. Bg5 Qf7
16. Be3 f4 17. gxf4 Nxf4 18. Nxf4 exf4 19. Bd4 Bxd4+ 20. Qxd4 Qg7 21. Rcd1 Rfe8
22. Qxg7+ Kxg7 23. Ne2 g5 24. Kf2 Rf8 25. Nd4 h5 26. Rfe1 Kf6 27. h3 Rh8 28.
Rh1 Rh7 29. Ne2 Ke5 30. Nd4 Rah8 31. Nc6+ Bxc6 32. dxc6 Kf6 33. Rd5 Re7 34.
Rf5+ Kg6 35. h4 Re5 36. Bh3 gxh4 37. Rxf4 Nd3+ 0-1

[Event "NB I. Charousek csoport"]
[Site "Paks"]
[Date "2024.05.12"]
[Round "11.8"]
[White "Benedeczky, Lehel Dr"]
[Black "Jaro, Benjamin"]
[Result "1/2-1/2"]
[WhiteElo "2141"]
[BlackElo "2010"]
[PlyCount "119"]
[EventDate "2023.10.08"]
[EventType "team-tourn"]
[EventRounds "11"]
[EventCountry "HUN"]
[Source "chess.hu"]
[WhiteTeam "ASE II. Paks"]
[BlackTeam "Komloi BSK"]
[WhiteTeamCountry "HUN"]
[BlackTeamCountry "HUN"]

1. d4 d5 2. c4 dxc4 3. e3 Nf6 4. Bxc4 e6 5. Nf3 c5 6. O-O cxd4 7. exd4 Be7 8.
Nc3 Nd5 9. Re1 Nxc3 10. bxc3 O-O 11. Ne5 Nc6 12. Nxc6 bxc6 13. Qf3 Qd7 14. Bf4
Bd6 15. Rab1 Qc7 16. Bxd6 Qxd6 17. Qg3 Qxg3 18. hxg3 Rd8 19. Re5 Kf8 20. Rc5
Rd6 21. Ra5 Ke7 22. Rb3 Rd7 23. Kf1 Kd6 24. Ke2 Rb7 25. Ba6 Rxb3 26. axb3 Bxa6+
27. Rxa6 Kc7 28. Kd3 Kb7 29. Ra5 Rd8 30. c4 h6 31. Ke4 Kb6 32. b4 a6 33. g4 Rd7
34. f4 Rb7 35. Ke5 Rd7 36. Ke4 Rb7 37. Ke5 Rd7 38. g3 Kb7 39. Ke4 Kb6 40. Rh5
Re7 41. Ke5 Rd7 42. g5 hxg5 43. fxg5 a5 44. bxa5+ Kxa5 45. Rh7 Kb4 46. Rxg7
Kxc4 47. Kf6 Rxd4 48. Rxf7 Rg4 49. g6 Rxg3 50. g7 c5 51. Rf8 Kc3 52. g8=Q Rxg8
53. Rxg8 c4 54. Rb8 Kc2 55. Kxe6 Kd2 56. Rh8 Kd3 57. Kd5 c3 58. Kc5 Kd2 59. Kc4
c2 60. Rh2+ 1/2-1/2

[Event "NB I. Charousek csoport"]
[Site "Paks"]
[Date "2024.05.12"]
[Round "11.9"]
[White "Lantos, Levente"]
[Black "Toth, Gergely"]
[Result "0-1"]
[WhiteElo "2091"]
[BlackElo "2136"]
[PlyCount "68"]
[EventDate "2023.10.08"]
[EventType "team-tourn"]
[EventRounds "11"]
[EventCountry "HUN"]
[Source "chess.hu"]
[WhiteTeam "Komloi BSK"]
[BlackTeam "ASE II. Paks"]
[WhiteTeamCountry "HUN"]
[BlackTeamCountry "HUN"]

1. d4 Nf6 2. c4 e6 3. Nc3 Bb4 4. Nf3 b6 5. Bg5 Bb7 6. e3 h6 7. Bh4 d5 8. a3
Bxc3+ 9. bxc3 Nbd7 10. cxd5 exd5 11. Bd3 O-O 12. O-O c5 13. Bf5 Qc8 14. Rc1 Re8
15. Re1 Qc6 16. Qc2 Ne4 17. Bxd7 Qxd7 18. Ne5 Qe6 19. f3 Nd6 20. g4 Rac8 21.
Qg2 f6 22. Ng6 Nc4 23. Bf2 Nxa3 24. h4 Nc4 25. Nf4 Qe7 26. Ra1 a5 27. dxc5 bxc5
28. Rab1 a4 29. g5 fxg5 30. hxg5 hxg5 31. Nh3 Bc6 32. Nxg5 a3 33. Qg4 Ne5 34.
Qh5 Qxg5+ 0-1

[Event "NB I. Charousek csoport"]
[Site "Paks"]
[Date "2024.05.12"]
[Round "11.10"]
[White "Berta, Tibor"]
[Black "Juhasz, Zoltan"]
[Result "1/2-1/2"]
[WhiteElo "2044"]
[BlackElo "1970"]
[PlyCount "35"]
[EventDate "2023.10.08"]
[EventType "team-tourn"]
[EventRounds "11"]
[EventCountry "HUN"]
[Source "chess.hu"]
[WhiteTeam "ASE II. Paks"]
[BlackTeam "Komloi BSK"]
[WhiteTeamCountry "HUN"]
[BlackTeamCountry "HUN"]

1. d4 Nf6 2. Nf3 g6 3. c4 d6 4. Nc3 Bg7 5. e4 O-O 6. Be2 e5 7. O-O Nc6 8. Be3
Bg4 9. d5 Ne7 10. Ne1 Bxe2 11. Qxe2 b6 12. Nd3 a5 13. f3 Ne8 14. Qd2 f5 15. Bh6
f4 16. Bxg7 Kxg7 17. b3 h5 18. h3 1/2-1/2

[Event "NB I. Charousek csoport"]
[Site "Paks"]
[Date "2024.05.12"]
[Round "11.11"]
[White "Majnay, Peter"]
[Black "Gosztola, Istvan"]
[Result "1/2-1/2"]
[WhiteElo "1974"]
[BlackElo "2123"]
[PlyCount "31"]
[EventDate "2023.10.08"]
[EventType "team-tourn"]
[EventRounds "11"]
[EventCountry "HUN"]
[Source "chess.hu"]
[WhiteTeam "Komloi BSK"]
[BlackTeam "ASE II. Paks"]
[WhiteTeamCountry "HUN"]
[BlackTeamCountry "HUN"]

1. e4 c5 2. Nf3 Nc6 3. d4 cxd4 4. Nxd4 Nf6 5. Nc3 e5 6. Ndb5 d6 7. Bg5 a6 8.
Bxf6 gxf6 9. Na3 Be6 10. g3 Nd4 11. Bg2 h5 12. h4 Rc8 13. Nd5 Bxd5 14. exd5 Qb6
15. Rb1 Rc5 16. O-O 1/2-1/2

[Event "NB I. Charousek csoport"]
[Site "Paks"]
[Date "2024.05.12"]
[Round "11.12"]
[White "Nagy, Lajos"]
[Black "Csiszar, Viktoria"]
[Result "0-1"]
[WhiteElo "1846"]
[BlackElo "1904"]
[PlyCount "46"]
[EventDate "2023.10.08"]
[EventType "team-tourn"]
[EventRounds "11"]
[EventCountry "HUN"]
[Source "chess.hu"]
[WhiteTeam "ASE II. Paks"]
[BlackTeam "Komloi BSK"]
[WhiteTeamCountry "HUN"]
[BlackTeamCountry "HUN"]

1. e4 d6 2. d4 Nf6 3. Nc3 Nbd7 4. Nf3 e5 5. Bc4 Be7 6. Ng5 O-O 7. Bxf7+ Rxf7 8.
Ne6 Qe8 9. Nxc7 Qd8 10. Nxa8 b6 11. dxe5 Nxe4 12. Nd5 Nxe5 13. O-O Ba6 14. Nac7
Bxf1 15. Qxf1 Nxf2 16. Qe2 Bh4 17. Be3 Nfg4 18. Ne6 Qc8 19. Ng5 Bxg5 20. Bxg5
Qc5+ 21. Ne3 Rf2 22. Qxf2 Nxf2 23. Kxf2 Ng4+ 0-1

[Event "NB I. Charousek csoport"]
[Site "Nagykanizsa"]
[Date "2024.05.12"]
[Round "11.1"]
[White "Juhasz, Agoston"]
[Black "Horvath, Csaba"]
[Result "1/2-1/2"]
[WhiteElo "2431"]
[BlackElo "2495"]
[PlyCount "23"]
[EventDate "2023.10.08"]
[EventType "team-tourn"]
[EventRounds "11"]
[EventCountry "HUN"]
[Source "chess.hu"]
[WhiteTeam "MTK Budapest"]
[BlackTeam "Tuxera ANSK II."]
[WhiteTeamCountry "HUN"]
[BlackTeamCountry "HUN"]

1. e4 e6 2. d4 d5 3. Nc3 Nf6 4. Bg5 dxe4 5. Nxe4 Nbd7 6. Nf3 Be7 7. Nxf6+ Bxf6
8. h4 h6 9. Bxf6 Qxf6 10. c3 O-O 11. Qe2 c5 12. O-O-O 1/2-1/2

[Event "NB I. Charousek csoport"]
[Site "Nagykanizsa"]
[Date "2024.05.12"]
[Round "11.2"]
[White "Galyas, Miklos"]
[Black "Papp, Levente"]
[Result "1/2-1/2"]
[WhiteElo "2395"]
[BlackElo "2360"]
[PlyCount "35"]
[EventDate "2023.10.08"]
[EventType "team-tourn"]
[EventRounds "11"]
[EventCountry "HUN"]
[Source "chess.hu"]
[WhiteTeam "Tuxera ANSK II."]
[BlackTeam "MTK Budapest"]
[WhiteTeamCountry "HUN"]
[BlackTeamCountry "HUN"]

1. Nf3 d5 2. g3 Nf6 3. Bg2 c6 4. O-O Bg4 5. h3 Bh5 6. c4 e6 7. d4 Nbd7 8. cxd5
exd5 9. Ne5 Nxe5 10. dxe5 Ne4 11. Bxe4 dxe4 12. Nc3 Qxd1 13. Rxd1 Bb4 14. Nxe4
Bxe2 15. Bd2 Bxd1 16. Bxb4 O-O-O 17. Nd6+ Rxd6 18. Bxd6 1/2-1/2

[Event "NB I. Charousek csoport"]
[Site "Nagykanizsa"]
[Date "2024.05.12"]
[Round "11.3"]
[White "Ongut, Tamas Gunes"]
[Black "Markoja, Boris"]
[Result "1/2-1/2"]
[WhiteElo "2313"]
[BlackElo "2463"]
[PlyCount "20"]
[EventDate "2023.10.08"]
[EventType "team-tourn"]
[EventRounds "11"]
[EventCountry "HUN"]
[Source "chess.hu"]
[WhiteTeam "MTK Budapest"]
[BlackTeam "Tuxera ANSK II."]
[WhiteTeamCountry "HUN"]
[BlackTeamCountry "HUN"]

1. e4 c5 2. Nf3 g6 3. c3 d5 4. exd5 Qxd5 5. d4 Bg7 6. Nbd2 cxd4 7. Bc4 Qd8 8.
Nxd4 Nf6 9. O-O O-O 10. N2f3 Qc7 1/2-1/2

[Event "NB I. Charousek csoport"]
[Site "Nagykanizsa"]
[Date "2024.05.12"]
[Round "11.4"]
[White "Krutti, Valer"]
[Black "Matyassy, Lazar"]
[Result "1-0"]
[WhiteElo "2253"]
[BlackElo "2146"]
[PlyCount "127"]
[EventDate "2023.10.08"]
[EventType "team-tourn"]
[EventRounds "11"]
[EventCountry "HUN"]
[Source "chess.hu"]
[WhiteTeam "Tuxera ANSK II."]
[BlackTeam "MTK Budapest"]
[WhiteTeamCountry "HUN"]
[BlackTeamCountry "HUN"]

1. d4 Nf6 2. Nf3 d5 3. c4 e6 4. Nc3 Nbd7 5. cxd5 exd5 6. Bg5 c6 7. e3 Be7 8.
Qc2 Nh5 9. Bxe7 Qxe7 10. Be2 g6 11. O-O O-O 12. Rab1 Nb6 13. Bd3 f5 14. g3 Be6
15. Rfe1 Rf6 16. Ne2 Raf8 17. Nf4 Ng7 18. b4 Bf7 19. Qc5 Qd8 20. b5 h6 21. Ne5
Be8 22. bxc6 bxc6 23. Ne2 f4 24. exf4 g5 25. f3 Ne6 26. Qa3 gxf4 27. g4 Qc7 28.
Bf5 Qg7 29. Bxe6+ Rxe6 30. Kh1 Bg6 31. Rbc1 Nc4 32. Rxc4 dxc4 33. Qc1 Rxe5 34.
dxe5 Qxe5 35. Nc3 Qd6 36. Ne4 Qd3 37. Kg2 Bxe4 38. Rxe4 c3 39. Kf2 Rd8 40. Qxf4
Qd2+ 41. Kg3 Qxf4+ 42. Rxf4 Rd2 43. a4 h5 44. Rc4 hxg4 45. fxg4 c2 46. Rxc6 Kf7
47. g5 a5 48. h4 Rd4 49. Rxc2 Rxa4 50. Rc6 Ra1 51. Kg4 Ra4+ 52. Kh5 Rb4 53. Ra6
a4 54. Ra7+ Kg8 55. g6 Rc4 56. Kg5 Rb4 57. h5 Rc4 58. Kh6 Rc8 59. Rxa4 Rb8 60.
Ra5 Rc8 61. Kg5 Rb8 62. h6 Rc8 63. Re5 Ra8 64. h7+ 1-0

[Event "NB I. Charousek csoport"]
[Site "Nagykanizsa"]
[Date "2024.05.12"]
[Round "11.5"]
[White "Kovacsy, Barnabas"]
[Black "Demeter, Dorina"]
[Result "0-1"]
[WhiteElo "2290"]
[BlackElo "2274"]
[PlyCount "62"]
[EventDate "2023.10.08"]
[EventType "team-tourn"]
[EventRounds "11"]
[EventCountry "HUN"]
[Source "chess.hu"]
[WhiteTeam "MTK Budapest"]
[BlackTeam "Tuxera ANSK II."]
[WhiteTeamCountry "HUN"]
[BlackTeamCountry "HUN"]

1. e4 e5 2. Nf3 Nc6 3. Bb5 a6 4. Ba4 d6 5. O-O Bd7 6. c3 g6 7. d4 Bg7 8. dxe5
Nxe5 9. Nxe5 Bxe5 10. f4 Bg7 11. Bxd7+ Qxd7 12. Be3 Nf6 13. Bd4 O-O 14. Nd2
Rae8 15. Qf3 h5 16. h3 h4 17. Bxf6 Bxf6 18. Rae1 Qb5 19. Nb3 a5 20. Re2 a4 21.
Nd4 Qc4 22. Qe3 Qxa2 23. f5 Qc4 24. Ref2 g5 25. Qf3 c5 26. Ne6 fxe6 27. Qh5
exf5 28. Rxf5 Bg7 29. Qxg5 Qxe4 30. Qg6 Rxf5 31. Rxf5 Qe3+ 0-1

[Event "NB I. Charousek csoport"]
[Site "Nagykanizsa"]
[Date "2024.05.12"]
[Round "11.6"]
[White "Varga, Richard"]
[Black "Geher, Koppany"]
[Result "1/2-1/2"]
[WhiteElo "2055"]
[BlackElo "2277"]
[PlyCount "114"]
[EventDate "2023.10.08"]
[EventType "team-tourn"]
[EventRounds "11"]
[EventCountry "HUN"]
[Source "chess.hu"]
[WhiteTeam "Tuxera ANSK II."]
[BlackTeam "MTK Budapest"]
[WhiteTeamCountry "HUN"]
[BlackTeamCountry "HUN"]

1. e4 c5 2. Nf3 e6 3. d4 cxd4 4. Nxd4 Nf6 5. Nc3 Nc6 6. Ndb5 Bb4 7. a3 Bxc3+ 8.
Nxc3 d5 9. exd5 exd5 10. Bd3 d4 11. Ne2 O-O 12. O-O Bg4 13. f3 Bh5 14. Bg5 Re8
15. Bh4 Qb6 16. Qd2 Nd5 17. Nf4 Nxf4 18. Qxf4 Bg6 19. Bxg6 hxg6 20. Qd2 Re6 21.
b3 Rae8 22. Rae1 Qc5 23. b4 Qc4 24. Qd3 b5 25. Rxe6 Rxe6 26. Rd1 a6 27. Kf1 Re3
28. Qxc4 bxc4 29. a4 Re5 30. Bf2 Rd5 31. b5 axb5 32. axb5 Rxb5 33. Bxd4 Rd5 34.
c3 f6 35. Ke2 Kf7 36. Ke3 Ke6 37. Ra1 Nxd4 38. cxd4 Rb5 39. Ra7 Rb3+ 40. Kd2
Rb2+ 41. Kc3 Rxg2 42. Rxg7 Kf5 43. Rh7 Kf4 44. Rh3 g5 45. Kxc4 f5 46. Kc5 Rd2
47. Rh6 Kxf3 48. d5 f4 49. d6 g4 50. Kc6 Kg2 51. Rg6 f3 52. Rxg4+ Kxh2 53. Rf4
Kg2 54. d7 f2 55. Kc7 Rxd7+ 56. Kxd7 f1=Q 57. Rxf1 Kxf1 1/2-1/2

[Event "NB I. Charousek csoport"]
[Site "Nagykanizsa"]
[Date "2024.05.12"]
[Round "11.7"]
[White "Fodor, Balazs"]
[Black "Sipos, Janos"]
[Result "0-1"]
[WhiteElo "2260"]
[BlackElo "2193"]
[PlyCount "58"]
[EventDate "2023.10.08"]
[EventType "team-tourn"]
[EventRounds "11"]
[EventCountry "HUN"]
[Source "chess.hu"]
[WhiteTeam "MTK Budapest"]
[BlackTeam "Tuxera ANSK II."]
[WhiteTeamCountry "HUN"]
[BlackTeamCountry "HUN"]

1. d4 Nf6 2. c4 c5 3. d5 b5 4. cxb5 a6 5. e3 g6 6. Nc3 d6 7. a4 Bg7 8. e4 O-O
9. Nf3 Nbd7 10. Be2 axb5 11. Bxb5 Ba6 12. Qc2 Bxb5 13. Nxb5 Qa5+ 14. Nd2 Rfc8
15. O-O c4 16. Nxc4 Ne5 17. Nba3 Qa6 18. b3 Nxd5 19. Bb2 Nb4 20. Qd2 Nbd3 21.
Bxe5 Nxe5 22. Nxe5 Bxe5 23. Rac1 Qb7 24. Qd3 Rxc1 25. Rxc1 Bb2 26. Rc4 Bxa3 27.
Qc3 d5 28. exd5 Qxd5 29. Rd4 Qe6 0-1

[Event "NB I. Charousek csoport"]
[Site "Nagykanizsa"]
[Date "2024.05.12"]
[Round "11.8"]
[White "Biskopics, Marton"]
[Black "Terbe, Zsuzsanna"]
[Result "0-1"]
[WhiteElo "1969"]
[BlackElo "2188"]
[PlyCount "68"]
[EventDate "2023.10.08"]
[EventType "team-tourn"]
[EventRounds "11"]
[EventCountry "HUN"]
[Source "chess.hu"]
[WhiteTeam "Tuxera ANSK II."]
[BlackTeam "MTK Budapest"]
[WhiteTeamCountry "HUN"]
[BlackTeamCountry "HUN"]

1. c4 c6 2. Nc3 d5 3. d4 Nf6 4. Nf3 e6 5. e3 Nbd7 6. Bd3 dxc4 7. Bxc4 b5 8. Bd3
Bb7 9. a3 Bd6 10. O-O a6 11. e4 e5 12. Bg5 Qc7 13. Bxf6 gxf6 14. d5 f5 15. Rc1
c5 16. Nh4 fxe4 17. Nxe4 Bxd5 18. Nf5 Bf8 19. Re1 Qc6 20. f4 O-O-O 21. a4 c4
22. b3 Nb6 23. Qg4 Be6 24. axb5 axb5 25. bxc4 bxc4 26. Bb1 Rg8 27. Qh3 exf4 28.
Kh1 Kb8 29. Qh4 Qc7 30. Ng5 Bxf5 31. Bxf5 Be7 32. Rxe7 Qxe7 33. Qxf4+ Qc7 34.
Qxc7+ Kxc7 0-1

[Event "NB I. Charousek csoport"]
[Site "Nagykanizsa"]
[Date "2024.05.12"]
[Round "11.9"]
[White "Virag, Balint"]
[Black "Babits, Andras"]
[Result "1-0"]
[WhiteElo "2157"]
[BlackElo "2061"]
[PlyCount "103"]
[EventDate "2023.10.08"]
[EventType "team-tourn"]
[EventRounds "11"]
[EventCountry "HUN"]
[Source "chess.hu"]
[WhiteTeam "MTK Budapest"]
[BlackTeam "Tuxera ANSK II."]
[WhiteTeamCountry "HUN"]
[BlackTeamCountry "HUN"]

1. e4 e5 2. Nf3 Nc6 3. Bb5 a6 4. Ba4 Bb4 5. c3 Ba5 6. O-O Nge7 7. d4 exd4 8.
cxd4 O-O 9. Bg5 f6 10. Bf4 d6 11. Bb3+ Kh8 12. h3 Ng6 13. Bg3 f5 14. exf5 Bxf5
15. Nc3 Bb6 16. d5 Nce5 17. Nd4 Bxd4 18. Qxd4 Qf6 19. Qd1 Rae8 20. Bc2 Bxc2 21.
Qxc2 Qf5 22. Qxf5 Rxf5 23. Rfd1 h5 24. Rd4 Re7 25. a4 b6 26. Rc1 Nd7 27. b4 Kg8
28. a5 bxa5 29. bxa5 Nc5 30. Rb1 Re8 31. f3 Rg5 32. Bf2 Ne5 33. Kf1 Ned7 34.
Rc4 Rge5 35. Bd4 R5e7 36. Na4 Nd3 37. Kg1 N7e5 38. Rc3 Nf4 39. Bxe5 Rxe5 40.
Rxc7 Rxd5 41. Rb4 Re1+ 42. Kh2 Nd3 43. Rbb7 Rg5 44. Nc3 Nc5 45. Rb2 Ra1 46. h4
Rg6 47. Nd5 Kh7 48. Rc8 Ra4 49. f4 Re6 50. Rbb8 Ree4 51. Rh8+ Kg6 52. Rbf8 1-0

[Event "NB I. Charousek csoport"]
[Site "Nagykanizsa"]
[Date "2024.05.12"]
[Round "11.10"]
[White "Toth, Gabor"]
[Black "Gergely, Daniel"]
[Result "0-1"]
[WhiteElo "1886"]
[BlackElo "2218"]
[PlyCount "54"]
[EventDate "2023.10.08"]
[EventType "team-tourn"]
[EventRounds "11"]
[EventCountry "HUN"]
[Source "chess.hu"]
[WhiteTeam "Tuxera ANSK II."]
[BlackTeam "MTK Budapest"]
[WhiteTeamCountry "HUN"]
[BlackTeamCountry "HUN"]

1. c4 e6 2. g3 Nf6 3. Bg2 d5 4. Qc2 c5 5. d4 cxd4 6. cxd5 Nxd5 7. Nf3 Nc6 8. a3
Be7 9. O-O O-O 10. Rd1 e5 11. b4 a6 12. e3 Bg4 13. h3 Bh5 14. g4 Bg6 15. e4 Rc8
16. Qe2 Nb6 17. Bb2 Na4 18. Nxe5 Nxe5 19. Bxd4 Bf6 20. Ra2 Nc6 21. Bc5 Qc7 22.
Bxf8 Kxf8 23. Rad2 Qf4 24. Qc4 Nb2 25. Qc5+ Be7 26. Qb6 Nxd1 27. Qxb7 Rd8 0-1

[Event "NB I. Charousek csoport"]
[Site "Nagykanizsa"]
[Date "2024.05.12"]
[Round "11.11"]
[White "Toth, Lili"]
[Black "Beznicza, Mira"]
[Result "0-1"]
[WhiteElo "2009"]
[BlackElo "1830"]
[PlyCount "142"]
[EventDate "2023.10.08"]
[EventType "team-tourn"]
[EventRounds "11"]
[EventCountry "HUN"]
[Source "chess.hu"]
[WhiteTeam "MTK Budapest"]
[BlackTeam "Tuxera ANSK II."]
[WhiteTeamCountry "HUN"]
[BlackTeamCountry "HUN"]

1. e4 e6 2. d4 d5 3. e5 c5 4. c3 Nc6 5. Nf3 Qb6 6. a3 Nh6 7. Bd3 Bd7 8. O-O
cxd4 9. b4 Ng4 10. Qe2 dxc3 11. h3 c2 12. Nc3 Nh6 13. Bxc2 Rc8 14. Bb2 Ne7 15.
Rfc1 Nef5 16. Kh1 Be7 17. Ba4 Qd8 18. Bxd7+ Qxd7 19. Nb5 O-O 20. Nxa7 Rxc1+ 21.
Rxc1 Nh4 22. Nd4 Bg5 23. Rc2 Ng6 24. g3 Bd8 25. Nab5 Bb6 26. Nf3 Nf5 27. Nbd4
Nxd4 28. Bxd4 Bc7 29. b5 Ra8 30. Qd3 Qe7 31. Bc5 Qd7 32. Bd4 Qe7 33. Qc3 Bd8
34. Bc5 Qd7 35. Qb3 Bc7 36. Bd4 Qe7 37. a4 Bd8 38. Kg2 h5 39. Rc3 h4 40. Qc2
hxg3 41. fxg3 Qd7 42. Qb3 Ne7 43. Bf2 Ng6 44. Bd4 Ne7 45. Bf2 Ng6 46. Rc2 Bc7
47. Qc3 Bd8 48. Ra2 Rc8 49. Qb2 Ba5 50. Bd4 Ne7 51. Qb3 Nf5 52. Rc2 Bc7 53. Qb2
Ra8 54. Qb3 Nxd4 55. Nxd4 Bxe5 56. Nf3 Qd6 57. a5 Bxg3 58. a6 bxa6 59. bxa6 Bf4
60. a7 Rxa7 61. Rc8+ Kh7 62. Qc2+ f5 63. Qf2 Qe7 64. Qe2 Ra3 65. h4 Re3 66. Qd1
Qa3 67. Ng5+ Kg6 68. Rh8 Rg3+ 69. Kf1 Qa6+ 70. Kf2 Qa2+ 71. Ke1 Rg1# 0-1

[Event "NB I. Charousek csoport"]
[Site "Nagykanizsa"]
[Date "2024.05.12"]
[Round "11.12"]
[White "Somogyi, Jeno"]
[Black "Kaloczi, Kristof"]
[Result "0-1"]
[WhiteElo "1790"]
[BlackElo "2049"]
[PlyCount "128"]
[EventDate "2023.10.08"]
[EventType "team-tourn"]
[EventRounds "11"]
[EventCountry "HUN"]
[Source "chess.hu"]
[WhiteTeam "Tuxera ANSK II."]
[BlackTeam "MTK Budapest"]
[WhiteTeamCountry "HUN"]
[BlackTeamCountry "HUN"]

1. e4 b6 2. d4 Bb7 3. Bd3 e6 4. Nf3 d5 5. exd5 Qxd5 6. Be3 Nf6 7. Nbd2 Be7 8.
O-O O-O 9. c4 Qd8 10. Qc2 Na6 11. a3 c5 12. Rad1 Qc7 13. h3 Rac8 14. Ng5 h6 15.
Ngf3 Rfd8 16. Rfe1 Qb8 17. Bf1 Qa8 18. Be2 Ne4 19. Nxe4 Bxe4 20. Qc1 Bf6 21.
dxc5 Nxc5 22. Bxc5 Rxc5 23. Rxd8+ Qxd8 24. Qd2 Bxf3 25. Qxd8+ Bxd8 26. gxf3 Bg5
27. Rd1 Rc7 28. b3 Kf8 29. Kf1 Bf6 30. a4 Bc3 31. Rd3 Bb4 32. Rd1 Ke7 33. Bd3
Rc5 34. Ke2 Re5+ 35. Kf1 Rc5 36. Ke2 Rh5 37. Rh1 a5 38. f4 Bd6 39. Kf3 Rh4 40.
Bf1 Rxf4+ 41. Ke2 Bc5 42. f3 Kf6 43. Bg2 Rd4 44. Rc1 Ke5 45. Rc3 Kf4 46. Rc1
Kg3 47. Bf1 e5 48. Rc2 f5 49. Rc1 g5 50. Rc2 Bb4 51. Rb2 Rf4 52. Rb1 Rxf3 53.
Rd1 Rf2+ 54. Ke3 Bc5+ 55. Kd3 e4+ 56. Kc3 Bb4+ 57. Kd4 Rd2+ 58. Rxd2 Bxd2 59.
c5 bxc5+ 60. Ke5 Kf2 61. Bc4 e3 62. Kxf5 e2 63. Bxe2 Kxe2 64. Kg6 Kd3 0-1

[Event "NB I. Charousek csoport"]
[Site "Balatonfured"]
[Date "2024.05.12"]
[Round "11.1"]
[White "Fogarasi, Tibor"]
[Black "Fancsy, Imre"]
[Result "1/2-1/2"]
[WhiteElo "2297"]
[BlackElo "2356"]
[PlyCount "40"]
[EventDate "2023.10.08"]
[EventType "team-tourn"]
[EventRounds "11"]
[EventCountry "HUN"]
[Source "chess.hu"]
[WhiteTeam "Biatorbagy II"]
[BlackTeam "Balatonfuredi SC"]
[WhiteTeamCountry "HUN"]
[BlackTeamCountry "HUN"]

1. e4 c5 2. Nf3 e6 3. d4 cxd4 4. Nxd4 Nc6 5. Nc3 Nf6 6. Ndb5 d6 7. Bf4 e5 8.
Bg5 a6 9. Na3 b5 10. Nd5 Be7 11. Bxf6 Bxf6 12. c4 b4 13. Nc2 a5 14. Be2 O-O 15.
O-O Bg5 16. Qd3 Be6 17. Rad1 Ra7 18. b3 Qb8 19. h3 Bxd5 20. Qxd5 Qb6 1/2-1/2

[Event "NB I. Charousek csoport"]
[Site "Balatonfured"]
[Date "2024.05.12"]
[Round "11.2"]
[White "Pataki, Gyozo"]
[Black "Szeberenyi, Adam"]
[Result "1/2-1/2"]
[WhiteElo "2302"]
[BlackElo "2254"]
[PlyCount "33"]
[EventDate "2023.10.08"]
[EventType "team-tourn"]
[EventRounds "11"]
[EventCountry "HUN"]
[Source "chess.hu"]
[WhiteTeam "Balatonfuredi SC"]
[BlackTeam "Biatorbagy II"]
[WhiteTeamCountry "HUN"]
[BlackTeamCountry "HUN"]

1. d4 d5 2. c4 e6 3. Nc3 Nf6 4. Nf3 Be7 5. Bg5 O-O 6. e3 h6 7. Bh4 b6 8. cxd5
exd5 9. Bd3 Bb7 10. O-O Ne4 11. Bxe7 Qxe7 12. Qb3 Nxc3 13. Qxc3 c5 14. dxc5
bxc5 15. Rac1 Nd7 16. Bf5 Rfc8 17. Bxd7 1/2-1/2